00333nam a2200145Ia 45000030006000000080041000060400015000471000021000622450028000832500006001112600033001173000006001505460014001560050017001700STCL150530s9999 xx 000 0 und d aSTCLcSTCL aBalakrishnan, V. aUthara Bharathathiloote a1 bP.K. Brothers; Calicutc1971 a0 aMalayalam20220125171706.0